Biggest Trans-Mississippi U.S. Cities after the Mexican-American War - Statistics

General Stats
  • This quiz has been taken 143 times
  • The average score is 28 of 100
Answers on the Map
Answers color-coded by a green-red scale on the quiz's map according to % correct below.
 
Answer Stats
Pop. State or
Territory
City % Correct
77,860 MO St. Louis
94%
6,820 CA Sacramento
93%
5,807 UT Salt Lake City
93%
21,000 CA San Francisco
93%
2,396 TX Houston
92%
1,610 CA Los Angeles
92%
1,500 NM Albuquerque
91%
821 OR Portland
89%
4,846 NM Santa Fe
88%
629 TX Austin
86%
3,488 TX San Antonio
84%
2,529 MO Kansas City
83%
3,500 CA San Jose
82%
2,167 AR Little Rock
81%
4,177 TX Galveston
76%
750 TX Jefferson
66%
1,728 LA Shreveport
65%
2,000 TX Brownsville
61%
1,176 UT Provo
60%
1,186 UT Ogden
59%
2,301 MO Jefferson City
57%
1,500 CA Santa Barbara
57%
1,848 IA Davenport
55%
2,000 CA Stockton
52%
3,460 MO St. Joseph
49%
3,108 IA Dubuque
44%
1,250 IA Iowa City
44%
3,000 CA Columbia
43%
651 MO Columbia
43%
1,092 CA Monterey
43%
964 AR Fort Smith
42%
1,447 MO Independence
40%
1,024 TX Tyler
40%
672 LA Alexandria
35%
1,298 TX New Braunfels
31%
2,000 IA Kanesville
27%
806 TX Victoria
27%
2,020 MO Hannibal
24%
1,498 MO St. Charles
23%
750 TX Washington
20%
1,550 NM Las Vegas
19%
697 OR Oregon City
17%
4,082 IA Burlington
16%
1,189 TX Marshall
16%
1,261 LA Natchitoches
16%
2,683 CA Nevada City
15%
1,242 LA Thibodaux
14%
1,302 CA Auburn
13%
2,478 IA Keokuk
13%
2,540 IA Muscatine
13%
2,000 CA Marysville
11%
5,623 CA Placerville
11%
750 TX Huntsville
10%
718 MO Ste. Genevieve
10%
2,326 MO Boonville
9%
754 TX Fredericksburg
9%
827 MO Liberty
9%
734 UT Bountiful
8%
1,000 LA Donaldsonville
8%
717 LA Gretna
8%
750 TX Matagorda
8%
4,000 CA Sonora
8%
894 AR Camden
7%
1,509 IA Fort Madison
7%
943 MO Hermann
7%
2,698 MO Lexington
7%
1,265 MO Palmyra
7%
700 TX Bastrop
6%
848 AR Batesville
6%
891 LA Franklin
6%
800 MO Fulton
6%
700 MO Chillicothe
5%
1,343 CA Downieville
5%
909 IA Fairfield
5%
2,000 CA Mokelumne
5%
1,176 LA Barataria
3%
1,201 MO Carondelet
3%
912 MO Louisiana
3%
758 IA Mount Pleasant
3%
637 MN Pembina
3%
672 CA Rough and Ready
3%
1,915 MO Weston
3%
1,294 NM Zuni
3%
1,000 CA Carson Hill
2%
1,000 CA Chinese Diggings
2%
700 TX Clarksville
2%
1,000 MO Glasgow
2%
1,600 TX Harrisburg
2%
705 IA Keosauqua
2%
1,000 CA Melones
2%
1,600 CA Murphys Old Diggings
2%
1,000 CA San Andreas
2%
2,008 NM San Miguel del Vado
2%
790 NM Jemez
1%
748 NM Laguna
1%
688 NM Mesilla
1%
654 MO Savannah
1%
2,196 NM La Cuesta
0%
652 LA St. Martinsville
0%
1,320 NM Tecolote
0%
No matching quizzes found
Score Distribution
Percent of People with Each Score
Percentile by Number Answered
Your Score History
You have not taken this quiz